| 000 | 00345nam a22001451a 4500 | ||
|---|---|---|---|
| 082 |
_a780.954 87 _bTHY/S |
||
| 100 | _aThyagarajan T H | ||
| 245 |
_aSaptaswara's classical gems/ _cby Thyagarajan T H |
||
| 260 |
_aChennai: _bSaptaswara, _c2005. |
||
| 300 | _a63p. | ||
| 650 | _aMusic Carnatic | ||
| 650 | _aMusic | ||
| 650 | _aArts | ||
| 942 | _cBK | ||
| 999 |
_c40599 _d40599 |
||